Précis de l'encyclopédie des Sciences Philosophiques: la logique, la philosophie de la nature, la philosophie de l'esprit
保存先:
| 第一著者: | |
|---|---|
| フォーマット: | 図書 |
| 言語: | フランス語 |
| 出版事項: |
París
J. Vrin
1970
|
| 版: | 3a. ed |
| シリーズ: | Bibliothèque des Textes Philosophiques
|
| 主題: | |
| タグ: |
タグ追加
タグなし, このレコードへの初めてのタグを付けませんか!
|
MARC
| LEADER | 00000nam a2200000 a 4500 | ||
|---|---|---|---|
| 001 | UCZ2788 | ||
| 003 | CL-VaPUC | ||
| 008 | 951006e19700000FR |||||||||||||||||fre|d | ||
| 082 | 0 | 4 | |a 141 |b HEG |2 21 |
| 100 | |a Hegel, Georg Wilhelm Friedrich |e autor |9 580639 | ||
| 245 | 1 | 0 | |a Précis de l'encyclopédie des Sciences Philosophiques: la logique, la philosophie de la nature, la philosophie de l'esprit |
| 250 | |a 3a. ed | ||
| 300 | |a 320 p | ||
| 942 | |c BK | ||
| 945 | |d 19951006 00:00:00 |a lriquelm | ||
| 260 | |a París |b J. Vrin |c 1970 | ||
| 650 | 0 | |a Filosofía de la naturaleza |9 265899 | |
| 650 | 0 | |a Filosofía alemana |9 265002 | |
| 650 | 0 | |a Idealismo |9 265685 | |
| 583 | |a last modification |c 19951006 00:00:00 |k Rodrigo Vera | ||
| 490 | 0 | |a Bibliothèque des Textes Philosophiques | |
| 999 | |c 239343 |d 239341 | ||
| 952 | |0 0 |1 0 |4 0 |6 141_000000000000000_HEG_1970 |7 0 |8 P |9 250421 |a BIBEDU |b BIBEDU |c BIBEDU_PB |d 2019-11-18 |i 157020K |o 141 HEG 1970 |p 157020K |r 2024-01-25 |w 2019-11-18 |y BK |k FIL | ||